ბათუმის შოთა რუსთაველის სახელმწიფო უნივერსიტეტის ბიბლიოთეკა

Химия нефти. (ბიბ.ჩანაწერი № 35745)

000 -LEADER
fixed length control field 00477nam a2200205Ia 4500
001 - CONTROL NUMBER
control field 1624
003 - CONTROL NUMBER IDENTIFIER
control field GE_BSU
008 - FIXED-LENGTH DATA ELEMENTS--GENERAL INFORMATION
fixed length control field 181216s||||||||xx |||||||||||||| ||und||
040 ## - CATALOGING SOURCE
Transcribing agency GE_BSU
080 ## - UNIVERSAL DECIMAL CLASSIFICATION NUMBER
Universal Decimal Classification number 665.6(075.8)
245 ## - TITLE STATEMENT
Title Химия нефти.
245 ## - TITLE STATEMENT
Statement of responsibility, etc. Под ред. З.И.Сюняева.
260 ## - PUBLICATION, DISTRIBUTION, ETC.
Place of publication, distribution, etc. Л.
260 ## - PUBLICATION, DISTRIBUTION, ETC.
Name of publisher, distributor, etc. Химия.
260 ## - PUBLICATION, DISTRIBUTION, ETC.
Date of publication, distribution, etc. 1984.
300 ## - PHYSICAL DESCRIPTION
Extent 360 стр. 21 см.
653 ## - INDEX TERM--UNCONTROLLED
Uncontrolled term Химия нефти.
942 ## - ADDED ENTRY ELEMENTS (KOHA)
Koha item type წიგნი
ეგზემპლარები
Withdrawn status Lost status Damaged status Not for loan Date acquired Barcode Date last seen Price effective from Koha item type
        2018-12-17 3060 2018-12-17 2018-12-17 წიგნი